Autour de "La Recherche" (Record no. 186438)

MARC details
000 -LEADER
campo de control de longitud fija 00969nam a2200265 i 4500
001 - NÚMERO DE CONTROL
campo de control 186438
003 - IDENTIFICADOR DE NÚMERO DE CONTROL
campo de control ES-MaACL
005 - FECHA Y HORA DE LA ÚLTIMA TRANSACCIÓN
campo de control 20260508132704.0
008 - DATOS DE LONGITUD FIJA--INFORMACIÓN GENERAL
campo de control de longitud fija 161114s1988 be |||| |dspa d
020 ## - NÚMERO INTERNACIONAL ESTÁNDAR DEL LIBRO
Número Internacional Estándar del Libro 2-87027-265-0
080 ## - NÚMERO DE LA CLASIFICACIÓN DECIMAL UNIVERSAL
Número de la Clasificación Decimal Universal 929 Proust, Marcel
080 ## - NÚMERO DE LA CLASIFICACIÓN DECIMAL UNIVERSAL
Número de la Clasificación Decimal Universal 929 Gide, André
100 1# - ENTRADA PRINCIPAL--NOMBRE DE PERSONA
Nombre de persona Proust, Marcel,
Fechas asociadas al nombre 1871-1922
9 (RLIN) 94056
245 10 - MENCIÓN DEL TÍTULO
Título Autour de "La Recherche"
Resto del título : letters /
Mención de responsabilidad, etc. Marcel Proust, André Gide ; préface de Pierre Assouline.
260 ## - PUBLICACIÓN, DISTRIBUCIÓN, ETC.
Lugar de publicación, distribución, etc. [Bruxelles] :
Nombre del editor, distribuidor, etc. Complexe,
Fecha de publicación, distribución, etc. [1988]
300 ## - DESCRIPCIÓN FÍSICA
Extensión XXX, 122 p. ;
Dimensiones 18 cm.
490 1# - MENCIÓN DE SERIE
Mención de serie Le regard littéraire ;
Designación de volumen o secuencia 20
600 17 - PUNTO DE ACCESO ADICIONAL DE MATERIA--NOMBRE DE PERSONA
Nombre de persona Proust, Marcel,
Fechas asociadas al nombre 1871-1922-
Subdivisión de forma Correspondencia
9 (RLIN) 161228
600 17 - PUNTO DE ACCESO ADICIONAL DE MATERIA--NOMBRE DE PERSONA
Nombre de persona Gide, André,
Fechas asociadas al nombre 1869-1951-
Subdivisión de forma Correspondencia
9 (RLIN) 161227
700 1# - ENTRADA AGREGADA--NOMBRE PERSONAL
Nombre de persona Gide, André,
Fechas asociadas al nombre 1869-1951
9 (RLIN) 56674
700 ## - ENTRADA AGREGADA--NOMBRE PERSONAL
Nombre de persona Assouline, Pierre,
Fechas asociadas al nombre 1953-....
9 (RLIN) 239236
830 0# - PUNTO DE ACCESO ADICIONAL DE SERIE-TÍTULO UNIFORME
Título uniforme Le regard littéraire ;
Designación de volumen o secuencia 20
9 (RLIN) 192557
852 ## - LOCALIZACIÓN
Ubicación ES-MaACL
Número de control de estantería L-30796
Nota libre . - Donat. Miguel A. Velasco
Holdings
Estatus retirado Estado de pérdida Estado de daño No para préstamo Biblioteca de origen Biblioteca actual Ubicación en estantería Fecha de adquisición Fuente de adquisición Total de préstamos Signatura topográfica completa Código de barras Visto por última vez Precio de reemplazo Tipo de ítem Koha
        Biblioteca del Ateneo de Madrid Biblioteca del Ateneo de Madrid Depósito 2 14/11/2016     L-30796 1196603 23/02/2023 23/02/2023 Libro impreso